Biến dạng tạo hình vật liệu bột và compozit hạt

Zapisane w:
Opis bibliograficzny
1. autor: Trần, Văn Dũng
Format: Książka
Język:Undetermined
Wydane: Hà Nội Bách khoa Hà Nội 2009
Hasła przedmiotowe:
Etykiety: Dodaj etykietę
Nie ma etykietki, Dołącz pierwszą etykiete!
Thư viện lưu trữ: Trung tâm Học liệu Trường Đại học Cần Thơ
LEADER 00574nam a2200181Ia 4500
001 CTU_176468
008 210402s9999 xx 000 0 und d
020 |c 53000 
082 |a 620.1 
082 |b D513 
100 |a Trần, Văn Dũng 
245 0 |a Biến dạng tạo hình vật liệu bột và compozit hạt 
245 0 |c Trần Văn Dũng 
260 |a Hà Nội 
260 |b Bách khoa Hà Nội 
260 |c 2009 
650 |a Enginerring materials,Khoa học vật liệu 
980 |a Trung tâm Học liệu Trường Đại học Cần Thơ